000 01058nam a2200313 i 4500
003 EG-GICUC
005 20260422100709.0
008 260422s1838 fr ||||fr|||| 000 0 eng d
040 _aEG-GiCUC
_bfre
_cEG-GiCUC
_dEG-GiCUC
_eRda
041 0 _afre
082 0 4 _221
_a343
_bDE . G
092 0 4 _221
099 _aLaw1 10 343 DE . G 1838
100 1 _a De Chenier, L.-j-.g.
_eAuteur
245 1 0 _aGuide Des Tribunaux Militaires, Ou Législation Criminelle De L'armée:
_nTome Premier,
_cL.-j-.g. De Chenier.
264 _aParis:
_bAnselin, Libraire,
_c1838.
264 _aParis:
_bG.-laguionie, Imprimeur,
_c1838.
300 _a422 page :
_billustration ;
_c 24 cm.
336 _2rda contenu
_a texte
337 _2rda medias
_aOrdinateur
338 _2 transporteur rda
_a Ressource en ligne
504 _aComprend des références bibliographiques
546 _aTexte en français
650 1 _aDroit pénal
_2qrmak
651 1 _2qrmak
856 4 0 _uhttps://fll.law.cu.edu.eg/fulltext/bks/B10-10847.pdf
905 _a158
942 _2ddc
_n0
_cBK
_e21
999 _c72788
_d72788